| 000 | 00453nam a22001457a 4500 | ||
|---|---|---|---|
| 003 | SGT | ||
| 082 |
_a617.645 _bA23S |
||
| 100 | _aJain, Shreyansh | ||
| 245 |
_aAssessing different obturating materials utilizing navitip with double sideport system in primary molars _bA randomized control trial |
||
| 260 |
_aGurugram, Haryana _bSGT University _c2023 |
||
| 300 | _a61 | ||
| 650 | _aPediatric Dentistry | ||
| 653 | _aPediatric Dentistry | ||
| 942 |
_2ddc _cTH |
||
| 999 |
_c23739 _d23739 |
||